Normal view
MARC view
Entry Topical Term
001 - CONTROL NUMBER
- control field: 38064
003 - CONTROL NUMBER IDENTIFIER
- control field: OSt
005 - DATE AND TIME OF LATEST TRANSACTION
- control field: 20230501113226.0
008 - FIXED-LENGTH DATA ELEMENTS
- fixed length control field: 230501|| aca||aabn | a|a d
040 ## - CATALOGING SOURCE
- Original cataloging agency: OSt
- Transcribing agency: OSt
150 ## - HEADING--TOPICAL TERM
- Topical term or geographic name entry element: Cultural conflicts, Extractive industries, Indigenous struggles, Political ecology, Subaltern
670 ## - SOURCE DATA FOUND
- Source citation: Work cat.: (OSt): Banerjee, S.B. Maher, R. and Krämer, R. 38063, Resistance is fertile: Toward a political ecology of translocal resistance
